| 000 | 003270000a22001330004500 | ||
|---|---|---|---|
| 003 | MACL | ||
| 040 | _aMACL | ||
| 090 |
_c34777 _d34775 |
||
| 100 | _4Kaviraja, Gopi Natha | ||
| 245 | _aThe princess of Wales Sarasrati Bhavana Sudies | ||
| 260 |
_bGovernment Sanskrit Library _c1927 |
||
| 650 | _aHistory | ||
| 942 |
_cBOOK _k934/kav |
||
| 999 |
_c34412 _d34412 |
||